Economic development and democracy (Record no. 40782)

MARC details
000 -LEADER
fixed length control field 00532nam a2200145 a 4500
008 - FIXED-LENGTH DATA ELEMENTS--GENERAL INFORMATION
fixed length control field 120416s1994 ||||||||||||||||| || u
050 ## - LIBRARY OF CONGRESS CALL NUMBER
Classification number HC 915 Eco
100 ## - MAIN ENTRY--PERSONAL NAME
Personal name Sumaili, Fanuel
245 10 - TITLE STATEMENT
Title Economic development and democracy
246 ## - VARYING FORM OF TITLE
Title proper/short title critical issues in the third republic
260 ## - PUBLICATION, DISTRIBUTION, ETC.
Place of publication, distribution, etc. Lusaka
Name of publisher, distributor, etc. Economic Association of Zambia
Date of publication, distribution, etc. 1994
300 ## - PHYSICAL DESCRIPTION
Extent ii, 145p. : ill.
350 ## - PRICE (NR) (BK AM CF MU VM SE) [OBSOLETE]
Price 0.00
995 ## - RECOMMENDATION 995 [LOCAL, UNIMARC FRANCE]
-- 0.00
-- CBU-MAIN LIBRARY (Kitwe)
-- 1
-- 0.00
-- 1
-- AVAILABLE
-- Zambiana Collection
Holdings
Withdrawn status Lost status Source of classification or shelving scheme Damaged status Not for loan Home library Current library Shelving location Date acquired Total Checkouts Full call number Barcode Date last seen Price effective from Koha item type
          CBU-MAIN LIBRARY, KITWE. CBU-MAIN LIBRARY, KITWE.   11/30/2022   HC 915 Eco 018671 11/30/2022 11/30/2022 MONOGRAPH